000 00208nam a22000977a 4500
082 _a474
_bASH/A
100 _aASHOK
245 _aAADHUNIK HINDI VYAKARANA THADHA RACHANA
650 _aHINDHI GRAMMAR
942 _cBK
999 _c9044
_d9044